000
00325nam a22001457a 4500
003
OSt
020
_a
NA
040
_c
0
082
_2
22
_a
628.3
100
_a
Arceivala, Soli J.
245
_a
Waste water treatment for pollution control /
260
_b
McGraw-Hill,
_c
c1986.
300
_a
187p. ;
_b
ill. ;
942
_2
ddc
_c
CIVIL
999
_c
5326
_d
5326